Adobe Illustrator CS3: classroom in a book /
| Autor kompanije: | |
|---|---|
| Format: | Knjiga |
| Izdano: |
California, U.S. :
Sdobe Press,
2007
|
| Teme: |
MARC
| LEADER | 00000nam a2200000Ia 4500 | ||
|---|---|---|---|
| 008 | 150727b200 u ||||| |||| 00| | e d | ||
| 999 | |c 109 |d 109 | ||
| 020 | |a 9780321492005 | ||
| 090 | |a 08.15.02 |b 1533 CD #147 | ||
| 110 | 2 | |a Adobe System Incorporated |9 527 | |
| 245 | 1 | 0 | |a Adobe Illustrator CS3: classroom in a book / |c Adobe System Incorporated |
| 260 | |a California, U.S. : |b Sdobe Press, |c 2007 | ||
| 300 | |a 458 páginas | ||
| 500 | |a Incluye CD- ROM #147 | ||
| 650 | 0 | |9 1302 |a PROGRAMAS DE COMPUTADORA | |
| 942 | |i 003647 ,003648 |h 08.15.02 1533 CD #147 |2 z |c 01 | ||
